Numerické simulácie na platforme JupyterLab

Gespeichert in:
Bibliographische Detailangaben
1. Verfasser: Stoliar, Andrii (Verfasst von)
Weitere Verfasser: Tárník, Marián (Betreuung Doktorarbeit)
Format: Manuskript Buch
Sprache:Slowakisch
Veröffentlicht: Bratislava : STU v Bratislave FEI, 2024
Schlagworte:
Online-Zugang:https://opac.crzp.sk/?fn=detailBiblioFormChildIGJU3&sid=DDCD2C6FBCAD481F294FCDB200E4&seo=CRZP-detail-kniha
Tags: Tag hinzufügen
Keine Tags, Fügen Sie das erste Tag hinzu!

MARC

LEADER 00000ntm a22000003a 4500
001 stuzp96538
003 SK-STU
005 20250331122239.0
007 ta
008 150427s2015----xo-----f-mn---000-0-slo-d
040 |a STU  |b slo 
041 0 |a slo 
044 |a xo 
100 1 |a Stoliar, Andrii  |u 031000  |4 aut  |U FEI Fakulta elektrotechniky a informatiky  |T FEI Ústav robotiky a kybernetiky  |X 117218  |U E011  |Y 356  |7 117218 
242 0 1 |a Numerical Simulations within JupyterLab Platform  |y eng 
245 1 0 |a Numerické simulácie na platforme JupyterLab 
260 |a Bratislava :  |b STU v Bratislave FEI,  |c 2024 
300 |a 49 s. 
650 4 |a Simulácia  |2 slo 
650 4 |a Numerický systém  |2 slo 
650 4 |a JupyterLab  |2 slo 
650 4 |a MATLAB  |2 slo 
650 4 |a Simulink  |2 slo 
650 4 |a Python  |2 slo 
650 4 |a Dynamický systém  |2 slo 
650 4 |a JupyterLab  |2 eng 
650 4 |a Simulink  |2 eng 
650 4 |a Simulation  |2 eng 
650 4 |a Numerical system  |2 eng 
650 4 |a Python  |2 eng 
650 4 |a MATLAB  |2 eng 
650 4 |a Dynamic system  |2 eng 
700 1 |a Tárník, Marián  |u 031000  |k Z1  |4 ths  |U FEI Fakulta elektrotechniky a informatiky  |T FEI Ústav robotiky a kybernetiky  |X 29002  |U E011  |Y 356  |7 A000029002 
856 4 |u https://opac.crzp.sk/?fn=detailBiblioFormChildIGJU3&sid=DDCD2C6FBCAD481F294FCDB200E4&seo=CRZP-detail-kniha